00890nam a2200325Ia 4500008004100000020001800041050000800059050001100067100001600078245001800094245001900112260001600131260001900147260001200166300001700178300001100195440004900206440000800255500010200263650002100365650002100386650001700407650001700424650003100441650001300472650001300485650002200498650002200520650002200542170203s9999 xx 000 0 und d a9781423106142 aFIc bG729h  aGrace, N.B. aCrunch time / cby N.B. Grace. aNew York :  bDisney Press,  c©2007. a126 pages ;  c20 cm. aHigh school musical, stories from East High, v#4. a"Based on the Disney Channel original movie 'High School Musical', written by Peter Barsocchini." aHigh schools --  aHigh schools --  aMusicals --  aMusicals --  aSAT (Educational test) --  xFiction. xFiction. xJuvenile fiction. xJuvenile fiction. xJuvenile fiction.